Radiografa̕ de la violencia regional Énfasis en niǫs, niąs y adolescentes

Bibliographic Details
Format: eBook
Language:Spanish
Subjects:
Online Access:Acceso restringido

MARC

LEADER 00000nam a22000007a 4500
005 20200602154810.0
007 cr|||| ||||
008 200602s2020 co |||||s|||| 00||0 spa d
020 |a 978-958-56132-6-3 
035 |a 31682 
040 |a vLex 
090 |c 10496  |d 10496 
245 0 0 |a Radiografa̕ de la violencia regional  |h [Recurso electrn̤ico] :  |b Énfasis en niǫs, niąs y adolescentes 
256 |a Servicio en ln̕ea 
300 |a 1 recurso electrn̤ico 
506 1 |a Disponible solo en los productos indicados  |d vLex Global  |d vLex Global (Academic Edition, excluding Law Schools)  |d vLex Global (U.S. Academic Edition, Law Schools)  |d vLex Global (U.S. Academic Edition, excluding Law Schools)  |d vLex Global (Academic Edition, Law Schools) 
650 0 4 |a Derecho Pb︢lico y Administrativo  |z Colombia 
740 0 |a vLex Libros (Servicio en ln̕ea) 
856 4 0 |u http://vlex.com/source/radiografia-de-la-violencia-regional-enfasis-en-ni-os-ni-as-y-adolescentes-31682  |z Acceso restringido 
942 |c BOOK 
999 0 |a Public and Administrative Law